Alman kültüründe Türk imgesi (Record no. 2053)

MARC details
000 -BAŞLIK
Sabit Uzunlukta Kontrol Alanı 00794na a2200277 4500
001 - KONTROL NUMARASI
Denetim Alanı 12940
003 - KONTROL NUMARASI IDENTIFIER
Denetim Alanı MIRAKIL
005 - SON İŞLEM TARİHİ VE ZAMANI
Denetim Alanı 20181213154843.0
008 - SABİT-BOY VERİ ELEMANLARI - GENEL BİLGİLER
Sabit Uzunlukta Kontrol Alanı 160817b tu 000 0
020 ## - ULUSLARARASI STANDART KİTAP NUMARASI
Uluslararası Standart Kitap Numarası 9755200517 (c.1)
035 ## - SİSTEM KONTROL NUMARASI
Sistem Kontrol Numarası 12940
040 ## - KATALOGLAMA KAYNAK
Orijinal Kataloglama Ajansı Milas
Kataloglama Dili tur
Metne Dönüştürmek Ajansı TR-AnCHP
082 ## - DEWEY ONLU SINIFLANDIRMA NUMARASI
Sınıflandırma Numarası 305.89435
Ürün Numarası K84a 1992
090 ## - SINIFLAMA NUMARASI
Sınıflama Numarası 305.89435 K84a 1992
100 ## - ANA GİRİŞ - KİŞİSEL İSİM
Kişisel Ad Kula, Onur Bilge
245 ## - BAŞLIK TABLOSU
Başlık Alman kültüründe Türk imgesi
Sorumluluk Tablosu, Vb Onur Bilge Kula
246 ## - UNVAN FORM VARYING
Başlık Doğru / Kısa Başlığı Türk simgesi
260 ## - YAYIN, DAĞITIM, VB
Yayın, Dağıtım, Vb Yeri Ankara
Yayıncı, Dağıtıcı, Vs Adı Gündoğan Yayınları
Yayın, Dağıtım, Vb Tarihi 1992
300 ## - FİZİKSEL TANIM
Kapsam 202 s.
Boyutlar 20 sm.
490 ## - SERİSİ TABLOSU
Seri Beyanı Gündoğan yayınları
Hacim / Ardışık Tanımı 92.52
490 ## - SERİSİ TABLOSU
Seri Beyanı Edebiyat
Hacim / Ardışık Tanımı 12.13
650 ## - KONU KATMA GİRİŞ - TOPİKAL DÖNEM
Topikal Süreli Veya Coğrafi Ad Giriş Elemanı Türkler
Genel Alt Bölümü Kültür
Coğrafi Alt Bölümü Almanya
650 ## - KONU KATMA GİRİŞ - TOPİKAL DÖNEM
Topikal Süreli Veya Coğrafi Ad Giriş Elemanı Türkler
Genel Alt Bölümü Dış kamuoyu
Coğrafi Alt Bölümü Almanya
651 ## - KONU KATMA GİRİŞ - COĞRAFİ ADI
Coğrafi İsim Türkiye
Genel Alt Bölümü Dış kamuoyu, Alman
942 ## - EKLENDİ GİRİŞ ELEMANLARI (KOHA)
Sınıflandırma Veya Raf Düzeni Kaynak Dewey Decimal Classification
Koha Öğesi Türü Books
999 ## - SİSTEM KONTROL NUMARALARI (KOHA)
Koha Biblionumber 2053
Koha Biblioitemnumber 2053
Holdings
Kalıcı Konum Mevcut Konum Edinme Tarihi Edinim Kaynak Toplam Check-Out'Lar Tam Çağrı Numarası Barkod Tarih Son Görülme İtibaren Geçerli Fiyatlar Koha Öğesi Türü
CHP Kütüphanesi CHP Kütüphanesi 08/03/2016 Bağış   305.89435 K84a 1992 000258 08/03/2016 08/03/2016 Books